Amori che non sanno stare al mondo /
Enregistré dans:
| Auteur principal: | |
|---|---|
| Autres auteurs: | , , , , , , , |
| Format: | Thèse |
| Langue: | italien |
| Publié: |
Milano :
Warner Bros. Entertainment Italia,
2018
|
| Tags: |
Pas de tags, Soyez le premier à ajouter un tag!
|
MARC
| LEADER | 00000ngm a22000007i 4500 | ||
|---|---|---|---|
| 001 | IT\ICCU\MOD\1684669 | ||
| 003 | ItRI | ||
| 005 | 20260124182914.0 | ||
| 008 | 180630s2018 it |||||||||||||||k|||||c | ||
| 024 | 3 | 1 | |a 5051891159242 |
| 028 | 4 | 2 | |a 1000712093 |
| 040 | |b ita | ||
| 041 | 7 | |a ita |2 ISO-639-2 | |
| 130 | 0 | |a Amori che non sanno stare al mondo <film ; 2017> |3 IT\ICCU\MOD\1684670 | |
| 245 | 0 | 0 | |a Amori che non sanno stare al mondo / |c un film di Francesca Comencini ; [soggetto e sceneggiatura: Francesca Comencini, Francesca Manieri, Laura Paolucci ; musiche: Valerio Vigliar ; fotografia: Valerio Azzali]. |
| 260 | |a Milano : |b Warner Bros. Entertainment Italia, |c 2018 | ||
| 300 | |a 1 DVD-Video (88 min) : |b color., sonoro ; |c in contenitore, 19 cm | ||
| 500 | |a Caratteristiche tecniche: regione 2; sistema e formati video: PAL; 16:9, 2,35: 1; formato audio: Dolby digital 5.1 | ||
| 500 | |a Titolo del contenitore | ||
| 500 | |a Produzione cinematografica: Italia, 2017 | ||
| 500 | |a Tratto dal romanzo omonimo di Francesca Comencini | ||
| 500 | |a Lingue: italiano; sottotitoli: inglese, italiano non udenti | ||
| 502 | |a Contenuti speciali: Making of; Trailer; Videoclip Giovanni Truppi | ||
| 511 | |a Interpreti: Lucia Mascino, Thomas Trabacchi, Carlotta Natoli, Camilla Semino Favro, Valentina Bellè. | ||
| 700 | 1 | |a Semino Favro, Camilla |0 IT\ICCU\BCTV\010608 |4 act | |
| 700 | 1 | |a Vigliar, Valerio |0 IT\ICCU\LO1V\368911 |4 cmp | |
| 700 | 1 | |a Manieri, Francesca |0 IT\ICCU\LO1V\381653 |4 sce | |
| 700 | 1 | |a Mascino, Lucia |0 IT\ICCU\MODV\641301 |4 act | |
| 700 | 1 | |a Bellè, Valentina |0 IT\ICCU\MODV\664509 |4 act | |
| 700 | 1 | |a Azzali, Valerio |0 IT\ICCU\RAVV\670714 |4 pht | |
| 700 | 1 | |a Natoli, Carlotta |0 IT\ICCU\UBOV\485650 |4 act | |
| 700 | 1 | |a Comencini, Francesca |0 IT\ICCU\UBOV\641528 |4 drt | |
| 700 | 1 | |a Trabacchi, Thomas |0 IT\ICCU\USMV\619494 |4 act | |
| 942 | |2 ddc |c VM |n 0 | ||
| 952 | |0 0 |1 0 |4 0 |6 VO_2352_000000000000000 |7 0 |9 27857 |a BO |b BO |d 2026-01-24 |i 19013 |l 0 |o VO 2352 |p BO19013 |r 2026-01-24 18:29:14 |w 2026-01-24 |x [Sebina 5] [1 dvd] |y VM |z 1 dvd | ||
| 999 | |c 23618 |d 23618 | ||